[Event "Titled Tuesday intern op 02nd Apr Early"]
[Site "Chess.com INT"]
[Date "2024.04.02"]
[Round "5"]
[White "Ruiz Aguilar, Pablo Alexander"]
[Black "Teimouri Yadkuri, Shahdad"]
[Result "1-0"]
[WhiteElo "2164"]
[BlackElo "2201"]
[PlyCount "61"]
[EventDate "2024.04.02"]
[EventType "swiss (blitz)"]
[EventRounds "11"]
[EventCountry "USA"]
[SourceTitle "CB15_2024"]
[SourceDate "2024.04.10"]
[SourceVersion "1"]
[SourceVersionDate "2024.04.10"]
[SourceQuality "1"]

1. e4 c5 2. Nf3 e6 3. d4 cxd4 4. Nxd4 Nc6 5. Nc3 Qc7 6. Ndb5 Qb8 7. Be3 a6 8. Bb6 axb5 9. Nxb5 Bb4+ 10. c3 Ba5 11. Nc7+ Qxc7 12. Bxc7 Bxc7 13. Bb5 Nge7 14. 0-0 0-0 15. Kh1 d5 16. f3 dxe4 17. fxe4 e5 18. a4 Be6 19. b4 Ng6 20. a5 Nf4 21. a6 Nd8 22. axb7 Nxb7 23. Rxa8 Rxa8 24. Bc6 Rb8 25. Qa4 Nd8 26. Bd7 Bc4 27. Rd1 Nd3 28. Qa7 Bd6 29. Qe3 Rb7 30. Bg4 f5 31. Bxf5 1-0

[Event "Titled Tuesday intern op 13th Feb Early"]
[Site "Chess.com INT"]
[Date "2024.02.13"]
[Round "6"]
[White "Caspi, Israel"]
[Black "Teimouri Yadkuri, Shahdad"]
[Result "1-0"]
[WhiteElo "2471"]
[BlackElo "2179"]
[PlyCount "75"]
[EventDate "2024.02.13"]
[EventType "swiss (blitz)"]
[EventRounds "11"]
[EventCountry "USA"]
[SourceTitle "CB08_2024"]
[SourceDate "2024.02.21"]
[SourceVersion "1"]
[SourceVersionDate "2024.02.21"]
[SourceQuality "1"]

1. e4 c6 2. f3 g6 3. d4 Bg7 4. c4 d5 5. e5 f6 6. f4 Nh6 7. Nc3 0-0 8. Nf3 fxe5 9. fxe5 Nf5 10. cxd5 cxd5 11. Qb3 e6 12. Bg5 Qa5 13. 0-0-0 Nc6 14. Kb1 a6 15. Be2 b5 16. g4 Nh6 17. h3 Qb6 18. Na4 Qa7 19. Nc5 Nf7 20. Bf6 Bxf6 21. exf6 Nxd4 22. Rxd4 Qxc5 23. Rc1 Qb6 24. Qe3 Bb7 25. Ne5 Rad8 26. g5 Qd6 27. Nxf7 Rxf7 28. Rh4 e5 29. Bd3 e4 30. Bc2 d4 31. Qe1 d3 32. Bb3 d2 33. Bxf7+ Kxf7 34. Rxh7+ Ke6 35. Re7+ Kf5 36. Qf2+ Kxg5 37. Rg1+ Kh5 38. Rh7# 1-0

[Event "Titled Tuesday intern op 13th Feb Early"]
[Site "Chess.com INT"]
[Date "2024.02.13"]
[Round "8"]
[White "Vestby Ellingsen, Mads"]
[Black "Teimouri Yadkuri, Shahdad"]
[Result "0-1"]
[WhiteElo "2338"]
[BlackElo "2179"]
[PlyCount "80"]
[EventDate "2024.02.13"]
[EventType "swiss (blitz)"]
[EventRounds "11"]
[EventCountry "USA"]
[SourceTitle "CB08_2024"]
[SourceDate "2024.02.21"]
[SourceVersion "1"]
[SourceVersionDate "2024.02.21"]
[SourceQuality "1"]

1. d4 Nf6 2. Nf3 e6 3. c3 b6 4. Bg5 Bb7 5. Nbd2 Be7 6. e3 d5 7. Bd3 Nbd7 8. Qe2 0-0 9. h4 c5 10. e4 dxe4 11. Nxe4 h6 12. 0-0-0 Rc8 13. Kb1 cxd4 14. Nxd4 Nxe4 15. Bxe4 Bxe4+ 16. Qxe4 Bxg5 17. hxg5 Qxg5 18. Nxe6 fxe6 19. Qxe6+ Kh8 20. Rxd7 Rce8 21. Qc6 Rf6 22. Qb7 Rxf2 23. a4 Ree2 24. Qd5 Rxb2+ 25. Ka1 Ra2+ 26. Qxa2 Rxa2+ 27. Kxa2 Qxg2+ 28. Kb3 Qxh1 29. a5 Qb1+ 30. Ka3 Qa1+ 31. Kb3 Qxa5 32. c4 Qc5 33. Kb2 b5 34. Rd2 Qb4+ 35. Kc2 bxc4 36. Re2 a5 37. Kc1 a4 38. Rc2 a3 39. Ra2 Qb3 40. Rc2 a2 0-1

[Event "Tehran zt 3.1"]
[Site "Tehran"]
[Date "2023.05.27"]
[Round "6"]
[White "Teimouri Yadkuri, Shahdad"]
[Black "Nikookar, Mahdi"]
[Result "0-1"]
[WhiteElo "2128"]
[BlackElo "2184"]
[PlyCount "101"]
[EventDate "2023.05.23"]
[EventType "swiss"]
[EventRounds "9"]
[EventCountry "IRI"]
[SourceTitle "CBM 214 Extra"]
[Source "ChessBase"]
[SourceDate "2023.07.31"]
[SourceVersion "1"]
[SourceVersionDate "2023.07.31"]
[SourceQuality "1"]

1. e4 e6 2. d4 d5 3. Nd2 c5 4. Ngf3 cxd4 5. exd5 Qxd5 6. Bc4 Qd7 7. Qe2 a6 8. a4 Nc6 9. 0-0 Nf6 10. Nb3 Be7 11. Rd1 Qc7 12. Nbxd4 Nxd4 13. Rxd4 0-0 14. Bg5 Bd7 15. Ne5 Rad8 16. b3 Bc8 17. Rad1 Rxd4 18. Rxd4 Rd8 19. Rxd8+ Qxd8 20. Nf3 Qd6 21. h3 Bd7 22. Ne5 Be8 23. c3 h6 24. Bh4 Qc7 25. Nf3 Qa5 26. Qc2 Qc5 27. Bd3 a5 28. Nd4 g5 29. Bg3 Nd5 30. Bc4 Bf6 31. Qd3 Nxc3 32. Nf3 Qa3 33. Bc7 Bc6 34. Nd4 Qc1+ 35. Kh2 Be4 36. Qe3 Qd1 37. Nf3 Bc2 38. Bxa5 Nd5 39. Qe1 Bxb3 40. Bxb3 Qxb3 41. Qe4 Nc3 42. Bxc3 Bxc3 43. g3 Bg7 44. h4 Bf6 45. hxg5 hxg5 46. Nxg5 Bxg5 47. Qg4 f6 48. f4 Qc2+ 49. Kg1 Qb1+ 50. Kg2 Qe4+ 51. Kg1 0-1

[Event "Tehran zt 3.1"]
[Site "Tehran"]
[Date "2023.05.25"]
[Round "3"]
[White "Darini, Pouria"]
[Black "Teimouri Yadkuri, Shahdad"]
[Result "1-0"]
[WhiteElo "2401"]
[BlackElo "2128"]
[PlyCount "95"]
[EventDate "2023.05.23"]
[EventType "swiss"]
[EventRounds "9"]
[EventCountry "IRI"]
[SourceTitle "CBM 214 Extra"]
[Source "ChessBase"]
[SourceDate "2023.07.31"]
[SourceVersion "1"]
[SourceVersionDate "2023.07.31"]
[SourceQuality "1"]

1. e4 c5 2. Nf3 d6 3. d4 cxd4 4. Nxd4 Nf6 5. Nc3 a6 6. Rg1 e5 7. Nb3 Be6 8. g4 d5 9. exd5 Nxd5 10. Nxd5 Qxd5 11. Qxd5 Bxd5 12. Be3 Nc6 13. 0-0-0 0-0-0 14. Bb6 Rd6 15. Rg3 Be6 16. Nc5 Rxd1+ 17. Kxd1 Bxc5 18. Bxc5 Rd8+ 19. Kc1 Kc7 20. a3 a5 21. h3 f6 22. Rc3 b6 23. Be3 Kb7 24. Ba6+ Kc7 25. b4 axb4 26. axb4 Kd7 27. Bb5 Rc8 28. Bxb6 Bd5 29. Rd3 Ke6 30. Bc5 e4 31. Ra3 Ke5 32. c4 Bg8 33. Kb2 Nd4 34. Ra7 Nxb5 35. cxb5 f5 36. gxf5 Kxf5 37. b6 Rb8 38. Rxg7 h6 39. Kc3 Bd5 40. Rh7 Kg6 41. Rc7 Kg5 42. Be3+ Kh4 43. Bxh6 Kxh3 44. Kd4 Ba8 45. Kc5 Kg2 46. Be3 Kf1 47. Ra7 Ke2 48. Rxa8 1-0

[Event "IRI-ch U14"]
[Site "Chess.com INT"]
[Date "2021.01.16"]
[Round "3"]
[White "Teimouri Yadkuri, Shahdad"]
[Black "Nazari, Mohamad"]
[Result "1-0"]
[WhiteElo "1885"]
[BlackElo "1552"]
[PlyCount "65"]
[EventDate "2021.01.16"]
[EventType "swiss"]
[EventRounds "11"]
[EventCountry "IRI"]
[SourceTitle "EXT 2022"]
[Source "ChessBase"]
[SourceDate "2021.10.06"]
[SourceVersion "1"]
[SourceVersionDate "2021.10.06"]
[SourceQuality "1"]

1. Nf3 d5 2. e3 Nf6 3. c4 e6 4. Nc3 c6 5. b3 Bd6 6. Bb2 Nbd7 7. d4 0-0 8. Be2 Re8 9. 0-0 b6 10. Rc1 Bb7 11. Re1 c5 12. cxd5 exd5 13. dxc5 Nxc5 14. h3 Nce4 15. Nxe4 dxe4 16. Nd4 Bb4 17. Bc3 Bxc3 18. Rxc3 Rc8 19. Rxc8 Qxc8 20. Qd2 Qd7 21. Bb5 Qd8 22. Bxe8 Nxe8 23. Rc1 Nc7 24. a3 Ne6 25. Qc3 Nc5 26. b4 Na6 27. Nf5 f6 28. Qc4+ Qd5 29. Ne7+ Kf7 30. Nxd5 Kg6 31. Nf4+ Kg5 32. Qf7 Kh6 33. Qh5# 1-0